LEADER 01043nam a2200253 i 4500 001 000000132535 003 CaOOAMICUS 005 20070509000000.0 008 070509s2001 it u000 u ita u 013 $a105493 020 $a88-7610-935-8 040 $aSeMil$bita 100 1 $aBorghese, Annalisa.$0(OLS)http://semarc/name/54559 245 13$aLa donna delle beatitudini :$bMadre Teresa di Calcutta /$cAnnalisa Borghese. 260 $aMilano :$bÀncora,$ccopyr. 2001. 300 $a158 p., [4] p. di tav. ;$c21 cm. 500 $aContiene : Bibliografia. 600 04$aTeresa : di Calcutta .$0(OLS)http://semarc/subject/6939 850 $aSeMil 852 $aSeMil$W1$xVenegono$y1$m3H IV 94$j86443$B86443$CSeMilBibl$Z2$F124925 $81 961 $aLascito: Maggi mons. Francesco 996 $6020$a88-7610-935-8$9(OLS)http://semarc/number/119581 996 $6245$aLa donna delle beatitudini :$bMadre Teresa di Calcutta$9(OLS)http://semarc/title/194645 996 $6260$aMilano :$bÀncora$9(OLS)http://semarc/publisher/29763 LEADER 00930nam a2200193 i 4500 001 000000033491 003 CaOOAMICUS 005 20180830125450.0 008 180830s1896 it u000 u ita u 040 $aSeMil$bita 245 10$aAtti e documenti del decimoquarto Congresso cattolico italiano tenutosi a Fiesole nei giorni 31 agosto 1, 2, 3 e 4 settembre 1896. 260 $aVenezia :$b[s.n.],$c1896-1897. 300 $a2 v. ;$c22 cm. 500 $aNon posseduto il vol. 1. 650 4$aCattolici italiani - Congressi.$0(OLS)http://semarc/subject/752 710 2 $aCongresso cattolico italiano <14. ; 1896 ; Fiesole>.$0(OLS)http://semarc/name/15345 774 0 $t2: Documenti.$g2$w()251752 996 $6245$aAtti e documenti del decimoquarto Congresso cattolico italiano tenutosi a Fiesole nei giorni 31 agosto 1, 2, 3 e 4 settembre 1896$9(OLS)http://semarc/title/45313 996 $6260$aVenezia :$b[s.n.]$9(OLS)http://semarc/publisher/30469